书目信息 |
| 题名: |
节水增粮高效灌溉技术集成研究与应用
|
|
| 作者: | 申利刚 , 史海滨 , 李经伟 著 | |
| 分册: | ||
| 出版信息: | 北京 中国水利水电出版社 2019.12 |
|
| 页数: | 239页 | |
| 开本: | 26cm | |
| 丛书名: | ||
| 单 册: | ||
| 中图分类: | S275 | |
| 科图分类: | ||
| 主题词: | 农田灌溉--nong tian guan gai--节约用水--研究 | |
| 电子资源: | ||
| ISBN: | 978-7-5170-8299-6 | |
| 000 | 00982nam0 2200253 450 | |
| 001 | 0106081820 | |
| 005 | 20201106082044.0 | |
| 010 | @a978-7-5170-8299-6@dCNY85.00 | |
| 100 | @a20200713d2019 em y0chiy50 ea | |
| 101 | 0 | @achi |
| 102 | @aCN@b110000 | |
| 105 | @aak z 000yy | |
| 106 | @ar | |
| 200 | 1 | @a节水增粮高效灌溉技术集成研究与应用@Ajie shui zeng liang gao xiao guan gai ji shu ji cheng yan jiu yu ying yong@f申利刚, 史海滨, 李经伟等著 |
| 210 | @a北京@c中国水利水电出版社@d2019.12 | |
| 215 | @a239页@c图,照片@d26cm | |
| 330 | @a本书内容主要包括:现有技术模式的筛选集成与示范,玉米高效节水灌溉制度研究与示范,喷、滴灌条件下农艺、农机配套技术集成与示范,规模化示范区农田水土环境与综合效益监测、评价等。 | |
| 606 | 0 | @a农田灌溉@Anong tian guan gai@x节约用水@x研究 |
| 690 | @aS275@v5 | |
| 701 | 0 | @a申利刚@Ashen li gang@4著 |
| 701 | 0 | @a史海滨@Ashi hai bin@4著 |
| 701 | 0 | @a李经伟@Ali jing wei@4著 |
| 801 | 0 | @aCN@bBJSZM@c20201106 |
| 905 | @b1192152-5@dS275@e63@f4 | |
| 节水增粮高效灌溉技术集成研究与应用/申利刚, 史海滨, 李经伟等著.-北京:中国水利水电出版社,2019.12 |
| 239页:图,照片;26cm |
| ISBN 978-7-5170-8299-6:CNY85.00 |
| 本书内容主要包括:现有技术模式的筛选集成与示范,玉米高效节水灌溉制度研究与示范,喷、滴灌条件下农艺、农机配套技术集成与示范,规模化示范区农田水土环境与综合效益监测、评价等。 |
| ● |
| 相关链接 |
|
|
|
|
正题名:节水增粮高效灌溉技术集成研究与应用
索取号:S275/63
 
预约/预借
| 序号 | 登录号 | 条形码 | 馆藏地/架位号 | 状态 | 备注 |
| 1 | 1192152 | 211921526 | 第二样本阅览室/ [索取号:S275/63] | 在馆 | |
| 2 | 1192153 | 211921535 | 第三借阅区/ [索取号:S275/63] | 在馆 | |
| 3 | 1192154 | 211921544 | 第三借阅区/ [索取号:S275/63] | 在馆 | |
| 4 | 1192155 | 211921553 | 第三借阅区/ [索取号:S275/63] | 在馆 |